Código de Deontología farmacéutica / (Record no. 22619)

MARC details
000 -LEADER
campo de control de longitud fija 00607nam a2200193 i 4500
001 - NÚMERO DE CONTROL
campo de control 22619
003 - IDENTIFICADOR DE NÚMERO DE CONTROL
campo de control ES-MaACL
005 - FECHA Y HORA DE LA ÚLTIMA TRANSACCIÓN
campo de control 20230906152728.0
007 - CAMPO FIJO DE DESCRIPCIÓN FÍSICA--INFORMACIÓN GENERAL
campo de control de longitud fija t|
008 - DATOS DE LONGITUD FIJA--INFORMACIÓN GENERAL
campo de control de longitud fija 021203s1950 sp ||||1| spa d
100 1# - ENTRADA PRINCIPAL--NOMBRE DE PERSONA
Nombre de persona Alonso Muñoyerro, Luis.
9 (RLIN) 20368
245 10 - MENCIÓN DEL TÍTULO
Título Código de Deontología farmacéutica /
Mención de responsabilidad, etc. Luis Alonso Muñoyerro.
260 ## - PUBLICACIÓN, DISTRIBUCIÓN, ETC.
Lugar de publicación, distribución, etc. Madrid :
Nombre del editor, distribuidor, etc. Fax,
Fecha de publicación, distribución, etc. 1950 (
Fabricante Bolaños y Aguilar)
300 ## - DESCRIPCIÓN FÍSICA
Extensión 236 p. ;
Dimensiones 20 cm.
490 1# - MENCIÓN DE SERIE
Mención de serie Psicología, medicina, pastoral ;
Designación de volumen o secuencia 4
830 0# - PUNTO DE ACCESO ADICIONAL DE SERIE-TÍTULO UNIFORME
Título uniforme Psicología, medicina, pastoral ;
Designación de volumen o secuencia 4
9 (RLIN) 180800
852 ## - LOCALIZACIÓN
Ubicación ES-MaACL
Número de control de estantería D-5560
Sublocalización o colección R.30088
Holdings
Estatus retirado Estado de pérdida Estado de daño No para préstamo Biblioteca de origen Biblioteca actual Ubicación en estantería Fecha de adquisición Fuente de adquisición Total de préstamos Signatura topográfica completa Código de barras Visto por última vez Precio de reemplazo Tipo de ítem Koha
        Biblioteca del Ateneo de Madrid Biblioteca del Ateneo de Madrid Sala Valle Inclán 17/01/2008     D-5560 901023287 23/02/2023 23/02/2023 Libro impreso